Science Quiz

Random Science or Clickable Quiz
Score 0/10 Timer 09:00
0 Plays Today
% Correct
Energy is equal to mass multiplied by the speed of light squared
100%
Albert Einstein
98.8%
4
96.3%
no
96.3%
Stars
96.3%
13.7 billion years old
96.3%
3rd
93.8%
greece
91.3%
We do not know
90%
Ulm
82.5%

You're not logged in!

Compare scores with friends on all Sporcle quizzes.
OR
Log In

Sporcle TV

Today on Sporcle TV


Watch our educational content, quiz creation guides, and fun videos on Sporcle TV.

Show Comments

Extras

Created Dec 29, 2012ReportNominate
Tags:Clickable Quiz

Top Quizzes Today


Score Distribution

Paid Content

Your Account Isn't Verified!

In order to create a playlist on Sporcle, you need to verify the email address you used during registration. Go to your Sporcle Settings to finish the process.

Report this User

Report this user for behavior that violates our Community Guidelines.

Details: